It looks like you're offline.
Open Library logo
additional options menu

MARC record from Internet Archive

LEADER: 02011cam 2200529 a 4500
001 ocm15791395
003 OCoLC
005 20210415054912.0
008 870505s1987 onc 000 1 eng
010 $a 87047584
040 $aDLC$beng$cDLC$dVP@$dBTCTA$dYDXCP$dAZH$dFHP$dPLF$dOCLCF$dOCLCQ$dGK8$dOCLCO$dOCL$dOCLCO$dOCLCQ$dFMQ$dIPU$dCSA$dOCLCO
019 $a317777322
020 $a0553052381
020 $a9780553052381
020 $a0446611557$q(pbk.)
020 $a9780446611558$q(pbk.)
020 $a0553273183
020 $a9780553273182
035 $a(OCoLC)15791395$z(OCoLC)317777322
050 00 $aPS3552.E542$bG7 1987
082 00 $a813/.54$219
100 1 $aBenford, Gregory,$d1941-
245 10 $aGreat sky river /$cGregory Benford.
260 $aToronto ;$aNew York :$bBantam Books,$c1987.
300 $ax, 326 pages ;$c24 cm.
336 $atext$btxt$2rdacontent
337 $aunmediated$bn$2rdamedia
338 $avolume$bnc$2rdacarrier
490 0 $aA Bantam spectra book
490 1 $aGalactic Center novels ;$v3
520 $aIn a future dominated by a superior race of artificial minds, the last humans, in an attempt to save themselves from total extinction, flee across the barren wastes of a once-lush planet.
650 0 $aArtificial intelligence$vFiction.
650 0 $aBlack holes (Astronomy)$vFiction.
650 7 $aArtificial intelligence.$2fast$0(OCoLC)fst00817247
650 7 $aBlack holes (Astronomy)$2fast$0(OCoLC)fst00833708
655 7 $aScience fiction.$2fast$0(OCoLC)fst01726489
655 7 $aFiction.$2fast$0(OCoLC)fst01423787
655 7 $aScience fiction.$2gsafd
655 7 $aScience fiction.$2lcgft
800 1 $aBenford, Gregory,$d1941-$tGalactic Center novels ;$v3.
938 $aBaker and Taylor$bBTCP$n87047584 //r95
938 $aYBP Library Services$bYANK$n486780
029 1 $aAU@$b000005332269
029 1 $aNZ1$b3341206
029 1 $aAU@$b000068590452
994 $aZ0$bP4A
948 $hNO HOLDINGS IN P4A - 648 OTHER HOLDINGS